Normal view
MARC view
- Bryon S. Gottfried
Entry Personal Name
001 - CONTROL NUMBER
- control field: 125121
003 - CONTROL NUMBER IDENTIFIER
- control field: NUST
005 - DATE AND TIME OF LATEST TRANSACTION
- control field: 20240813135416.0
008 - FIXED-LENGTH DATA ELEMENTS
- fixed length control field: 240813|| aca||aabn | a|a d
040 ## - CATALOGING SOURCE
- Original cataloging agency: NUST
- Transcribing agency: NUST
100 ## - HEADING--PERSONAL NAME
- Personal name: Bryon S. Gottfried
670 ## - SOURCE DATA FOUND
- Source citation: Work cat.: (NUST): Bryon S. Gottfried, Visual basics, 2002.
